00450nmm a2200157Ia 4500008004100000020001800041041000800059100001700067245002500084264008000109300001600189650001200205856005100217942000700268999001700275251105s9999||||xx |||||||||||||||||und|| a9788468788166 aspa aJames, Julia 0aEn brazos del griego a[Madrid, España] :bHarlequin, c[Fecha de publicación no identificada] a0 páginas aRomance uhttps://public.digitaliapublishing.com/a/95317 cCF c84564d84564